LIBRARY & INFORMATION CENTRE, KCAET, TAVANUR

ONLINE PUBLIC ACCESS CATALOGUE (OPAC)

Plants and microclimate / (Record no. 3172)

MARC details
000 -LEADER
fixed length control field 00423cam a2200169ua 4500
041 ## - LANGUAGE CODE
Language code of text/sound track or separate title eng
082 ## - DEWEY DECIMAL CLASSIFICATION NUMBER
Classification number 581.5
Item number JON/PL
100 ## - MAIN ENTRY--AUTHOR NAME
Personal name Jones , Hemlyn G .
245 ## - TITLE STATEMENT
Title Plants and microclimate /
260 ## - PUBLICATION, DISTRIBUTION, ETC. (IMPRINT)
Place of publication :
Name of publisher Cambridge at the University Press ,
Year of publication 1997.
300 ## - PHYSICAL DESCRIPTION
Number of Pages 323 ; .
942 ## - ADDED ENTRY ELEMENTS (KOHA)
Koha item type Books
Holdings
Withdrawn status Lost status Damaged status Home library Current library Date acquired Full call number Accession Number Koha item type
      KAUAET KAUAET 31/08/1987 581.5 JON/PL 16330 Books
free website counter